| 000 | 01172nam a22002897a 4500 | ||
|---|---|---|---|
| 001 | 4843 | ||
| 003 | FISKH | ||
| 005 | 20260403161546.0 | ||
| 008 | 241017b cb ||||| |||| 00| 0 eng d | ||
| 020 | _a9780060760908 | ||
| 040 |
_aFISKH _beng _cFISKH _dFISKH |
||
| 050 | _aPZ7.W6713 | ||
| 082 | _a813.54 | ||
| 100 | _aWilliams-Garcia, Rita | ||
| 245 |
_aOne Crazy Summer / _cby Rita Williams-Garcia |
||
| 250 | _aFirst paperback edition 2012 | ||
| 260 |
_aNew York : _bHarper Collin Publishers ; _c2010 . |
||
| 300 |
_a218 pages : _billustrations ; _c20 cm . |
||
| 490 |
_a Gaither Sisters Trilogy _vBook 1 |
||
| 505 | _aR | ||
| 520 | _aIn the summer of 1968, after travelling from Brooklyn to Oakland, California, to spend a month with the mother they barely know, eleven-year-old Delphine and her two younger sisters arrive to a cold welcome as they discover that their mother, a dedicated poet and printer, is resentful of the intrusion of their visit and wants them to attend a nearby Black Panther summer camp. | ||
| 521 | 8 |
_a750
_bLexile |
|
| 521 | 8 |
_aR
_bRaz-Plus |
|
| 650 |
_asister _vfiction |
||
| 942 |
_2ddc _cBK _n0 |
||
| 999 |
_c4843 _d4843 |
||